000 00342nam a2200133Ia 4500
008 210716s1993 xx 000 0 und d
041 _aeng
082 _a382.9143 WATP
100 _awaterhouse, Price.
245 _aDoing business in Turkey.
260 _aU S A
_bPrice waterhouse
_c1993
300 _a186
650 _aInternational Business
999 _c199011
_d199011